Agricultura y Ganaderia Ganancias- Valor Agregado/ (Registro nro. 8863)

Detalles MARC
000 -LEADER
fixed length control field 01013nam a2200229Ia 4500
005 - FECHA Y HORA DE LA ÚLTIMA TRANSACCIÓN
control field 20230814144428.0
008 - FIXED-LENGTH DATA ELEMENTS--GENERAL INFORMATION
fixed length control field 230809s9999 xx 000 0 und d
020 ## - INTERNATIONAL STANDARD BOOK NUMBER
International Standard Book Number 9789870106876
040 ## - CATALOGING SOURCE
Original cataloging agency UPAN
Transcribing agency Biblioteca San Vicente
Description conventions RCAA2
041 ## - LANGUAGE CODE
Language code of text/sound track or separate title spa
082 ## - DEWEY DECIMAL CLASSIFICATION NUMBER
Classification number 657.086 3
Item number B334a
año de publicación 2008
100 ## - MAIN ENTRY--PERSONAL NAME
Personal name Bavera M. Josefina
Relator code aut.
245 #0 - TITLE STATEMENT
Title Agricultura y Ganaderia Ganancias- Valor Agregado/
Remainder of title M. Josefina Bavera
250 ## - EDITION STATEMENT
Edition statement 5º ed.
260 ## - PUBLICATION, DISTRIBUTION, ETC. (IMPRINT)
Place of publication, distribution, etc Buenos Aires:
Name of publisher, distributor, etc Errepar,
Date of publication, distribution, etc 2008
300 ## - PHYSICAL DESCRIPTION
Extent 519 p.;
Dimensions 28 cm.
505 ## - FORMATTED CONTENTS NOTE
Formatted contents note Capitulo I. Principales novedades 2006/2007/2008<br/>Capitulo II. Agricultura<br/>Capitulo III. Ganadería<br/>Capitulo IV. Aspectos comunes a la agricultura y a la ganadería <br/>Capitulo V. Contratos<br/>Capitulo VI. Consultas frecuentes <br/>Capitulo VII. Cuestiones controvertidas<br/>Capitulo VIII. Práctica de inspección <br/>Capitulo IX. Datos de interés
650 ## - SUBJECT ADDED ENTRY--TOPICAL TERM
Source of heading or term LEMB
Topical term or geographic name as entry element Ganadería
General subdivision Agricultura
650 ## - SUBJECT ADDED ENTRY--TOPICAL TERM
Source of heading or term LEMB
General subdivision Ganancias
700 ## - ADDED ENTRY--PERSONAL NAME
Personal name Frankel Gustavo I.
Relator code col.
942 ## - ADDED ENTRY ELEMENTS (KOHA)
Koha item type Libros
Source of classification or shelving scheme Dewey Decimal Classification
Existencias
Withdrawn status Lost status Source of classification or shelving scheme Damaged status Not for loan Collection code Home library Current library Date acquired Total Checkouts Full call number Barcode Date last seen Copy number Price effective from Koha item type
    Dewey Decimal Classification     Colección General Biblioteca UPAN San Vicente Biblioteca UPAN San Vicente 09/08/2023   657.086 3 B334a 12002854 09/08/2023 01 09/08/2023 Libros
    Dewey Decimal Classification     Colección General Biblioteca UPAN San Vicente Biblioteca UPAN San Vicente 09/08/2023   657.086 3 B334a 12002855 14/08/2023 02 09/08/2023 Libros
    Dewey Decimal Classification     Colección General Biblioteca UPAN San Vicente Biblioteca UPAN San Vicente 09/08/2023   657.086 3 B334a 12002856 14/08/2023 03 09/08/2023 Libros